Statistiques concernant Les 7 Arts (en réalité 10 !)

Cliquez ici pour prendre le quiz!

Statistiques générales

  • Ce quiz a été pris 807 fois
    (695 depuis la dernière actualisation)
  • Le résultat moyen est 7 sur 10

Statistiques - réponses

~ Les Arts ~% Correct
Arts Visuels (Peinture & Dessin)
98%
Cinéma (Long, Moyen & Court Métrage, Séries Télévisées, Téléfilms, Mise en Scène & Scénario)
93%
Sculpture
86%
Arts de la Scène (Danse, Théâtre, Mime & Cirque)
83%
Musique
83%
Littérature (Poésie, Roman & tout ce qui se rattache à l'écriture)
74%
Arts Médiatiques (Radio, Télévision & Photographie)
58%
Architecture
55%
Bande Dessinée, Manga & Comics
46%
Jeu Vidéo & Multimédia
33%

Distribution des résultats

Percentile par nombre de réponses

% des personnes avec chaque résultat

Votre développement - résultats

Vous n’avez pas pris ce quiz depuis la dernière actualisation